000 00348pam a2200157a 44500
008 230405s2012 xxu||||| |||| 00| 0 eng d
041 _aENG
100 _aEssvale
245 _aCareer Guidebook For In Consultancy
250 _a1
260 _a
_bShroff Publi
_c2012
300 _a154p,23cm
440 _a300
690 _aMCA
906 _a7036
999 _c259895
_d259895